[Event "Bethune op-A 27th"]
[Site "Bethune"]
[Date "2006.12.26"]
[Round "2"]
[White "Renard, Stephane"]
[Black "Devulder, Pierre"]
[Result "1-0"]
[WhiteElo "2013"]
[BlackElo "1850"]
[PlyCount "29"]
[EventDate "2006.12.26"]
[EventType "swiss"]
[EventRounds "9"]
[EventCountry "FRA"]
[SourceTitle "EXT 2020"]
[Source "ChessBase"]
[SourceDate "2019.10.17"]
[SourceVersion "1"]
[SourceVersionDate "2019.10.17"]
[SourceQuality "1"]

1. f4 e5 2. fxe5 d6 3. exd6 Bxd6 4. Nf3 Nf6 5. d4 0-0 6. e4 Nxe4 7. Bd3 Re8 8. 0-0 Nc6 9. Bxe4 Rxe4 10. Ng5 Bxh2+ 11. Kxh2 Rh4+ 12. Kg1 Qd6 13. Qf3 f6 14. Qb3+ Be6 15. Qxe6+ 1-0